Library Banner

Urban transformations : (Record no. 100588)

MARC details
000 -LEADER
fixed length control field 00728cam a22002418i 4500
001 - CONTROL NUMBER
control field 19569421
005 - DATE AND TIME OF LATEST TRANSACTION
control field 20171208094015.0
008 - FIXED-LENGTH DATA ELEMENTS--GENERAL INFORMATION
fixed length control field 170323s2017 enk 001 0 eng
020 ## - INTERNATIONAL STANDARD BOOK NUMBER
International Standard Book Number 9781138652095 (hardback)
040 ## - CATALOGING SOURCE
Transcribing agency PK-LaUMT
082 00 - DEWEY DECIMAL CLASSIFICATION NUMBER
Classification number 711.4
Edition number 23
Item number URB-
245 00 - TITLE STATEMENT
Title Urban transformations :
Remainder of title geographies of renewal and creative change /
Statement of responsibility, etc edited by Nicholas Wise and Julie Clark
260 ## - PUBLICATION, DISTRIBUTION, ETC. (IMPRINT)
Place of publication, distribution, etc London :
Name of publisher, distributor, etc Routledge,
Date of publication, distribution, etc 2017
300 ## - PHYSICAL DESCRIPTION
Extent 237 p.
500 ## - GENERAL NOTE
General note Includes index.
650 #0 - SUBJECT ADDED ENTRY--TOPICAL TERM
Topical term or geographic name as entry element Urban renewal
General subdivision Social aspects.
650 #0 - SUBJECT ADDED ENTRY--TOPICAL TERM
Topical term or geographic name as entry element City planning
General subdivision Social aspects.
650 #0 - SUBJECT ADDED ENTRY--TOPICAL TERM
Topical term or geographic name as entry element Public spaces.
650 #0 - SUBJECT ADDED ENTRY--TOPICAL TERM
Topical term or geographic name as entry element Community development.
700 1# - ADDED ENTRY--PERSONAL NAME
Personal name Wise, Nicholas,
700 1# - ADDED ENTRY--PERSONAL NAME
Personal name Clark, Julie,
942 ## - ADDED ENTRY ELEMENTS (KOHA)
Koha item type Books
Holdings
Withdrawn status Lost status Damaged status Home library Current library Date acquired Full call number Barcode Date last seen Price effective from Koha item type
      UMT Main Campus UMT Main Campus 2017-12-08 711.4 URB- 116325 2024-03-14 2017-12-08 Books